000 00660nam a2200229 a 4500
001 000018465
005 20240529124643.0
008 890207s1984 br 000 f ger c
020 _a3462019287
040 _aDO-SdBNP
_cTxU
_dDLC
_dBNPHU
082 _aB869.33
_bC156q
100 1 _aCallado, Antonio.
_939955
240 1 0 _aQuarup.
_lGerman
245 1 0 _aQuarup :
_bRoman /
_cAntonio Callado.
250 _a12a ed.
260 _aRío de Janeiro :
_bEditora Nova Fronteira,
_c1984.
300 _a727 p. ;
_c21 cm.
650 0 _aNovela brasileña
_913650
650 4 _aLiteratura brasileña
_9823
910 _aCatalogación por derivada / LC
049 _aBNGR
999 _c17985
_d17985